15 przełomowych bitew w historii świata - Statystyki

Ogólne statystyki
  • Ten quiz został rozwiązany 81 razy
  • Średni wynik to 7 z 15
Statystyki odpowiedzi
Bitwa Rok Znaczenie % Poprawnych
Bitwa pod Waterloo 1815 n.e. definitywny koniec panowania Napoleona Bonaparte i Cesarstwa Francuskiego
87%
Bitwa pod Maratonem 490 p.n.e. zatrzymanie ekspansji Persów na Grecję
74%
Bitwa pod Hastings 1066 n.e. Normanowie rządzą Anglią
64%
Bitwa pod Gaugamelą 331 p.n.e. upadek imperium Achemenidów powstanie Imperium Aleksandra Wielkiego
59%
Bitwa pod Saratogą 1777 n.e. USA potwierdzają swoją niepodległość w wojnie z Wielką Brytanią
57%
Bitwa pod Poitiers (pod Tours) 732 n.e. zatrzymanie ekspansji Kalifatu Arabskiego na Europę
56%
Bitwa pod Połtawą 1709 n.e. punkt zwrotny w III wojnie północnej: koniec potęgi szwedzkiej a Rosja przejmuje inicjatywę strategiczną
53%
Bitwa pod Valmy 1792 n.e. obrona rewolucyjnej Francji przed monarchiami interweniującymi
49%
Bitwa w Lesie Teutoburskim 9 n.e. zatrzymanie ekspansji Rzymu w Germanii
46%
Bitwa na Polach Katalaunijskich 451 n.e. zatrzymanie ekspansji Hunów
41%
Oblężenie Orleanu 1428–1429 n.e. koniec ekspansji Anglików przełom w wojnie stuletniej
37%
Klęska Wielkiej Armady 1588 n.e. zakwestionowanie hegemonii hiszpańskiej na morzach, pierwszy krok na drodze do budowy Imperium Brytyjskiego
37%
Bitwa pod Blenheim 1704 n.e. zatrzymanie ekspansji Francji Ludwika XIV
29%
Wyprawa sycylijska 413 p.n.e. udaremnienie ekspansji Aten na Sycylię
29%
Bitwa nad Metaurusem 207 p.n.e. początek rzymskiej hegemonii na Morzu Śródziemnym
21%
Nie znaleziono quizów pasujących do podanych kryteriów
Rozkład punktacji
Procent ludzi z każdym wynikiem
Percentyl według liczby udzielonych odpowiedzi
Twoja historia wyników
Nie rozwiązałeś tego quizu